| 000 | 00797cai a22001815a 4500 | ||
|---|---|---|---|
| 001 | E146980 | ||
| 008 | 090319u xxk g 000 0 eng d | ||
| 035 | _a(Sirsi) u146980 | ||
| 041 | 0 | _aeng | |
| 110 | 2 |
_aArchitecture and Design Scotland _95714 |
|
| 245 | 0 | 0 |
_aLUDO _blibrary of urban design online _h[electronic resource] |
| 520 | _aSection of Architecture and Design Scotland's website which provides a searchable database of links to publications with relevance to architecture and design. The database can be browsed by scale of development and then by global or local theme. | ||
| 590 | _aKA | ||
| 651 | 4 |
_aScotland _y1999- |
|
| 690 | _aBUILT ENVIRONMENT-CONSTRUCTION DESIGN | ||
| 856 | 4 | 0 |
_uhttps://www.ads.org.uk/ludo _zView the website free of charge at www.ads.org.uk/ludo... |
| 942 | _n0 | ||
| 999 |
_c120776 _d120776 |
||